00970nam a2200229Ia 4500003000900000008004100009020002200050040001600072080001800088100002000106111010200126245022100228260004100449300002300490650004100513650002900554650001500583700002300598942000700621999001700628952009500645IN-BaIIA211028s9999 xx 000 0 eng d a978-0-521-45266-3 cIIA Library a530.12bDIR-1 aHu, B. L919183 a1993 International Symposium on Directions in General RelativitycMarylandd1993 May 22-29919184 0aDirections in general Relativitybproceedings of the 1993 International Symposium on directions in general Relativity, vol. 1, held in Maryland, USA, May 22-29, 1993cB. L. Hu, M. P. Ryan Jr. and C. V. Vishveshwara. aUKbCambridge University Pressc1993 a[various pagings.] aAstronomy and Astrophysics thesaurus aGeneral Relativity93824 aRelativity aRyan, M. P.919185 cBK c11200d11200 00104070aBANbBANcGENd1995-02-10l0o530.12/ DIR-1p12114r2021-11-05w1995-02-10yBK